| 000 | 00877nam a2200217 i 4500 | ||
|---|---|---|---|
| 001 | bg | ||
| 245 | 0 | 0 |
_aTechniczne aspekty ochrony środowiska : _bKrajowe Seminarium Kół Naukowych : materiały seminaryjne, 16-18 listopada 1997 roku, Gdańsk / _corg. Międzywydziałowe Koło Naukowe Studentów Politechniki Gdańskiej "Ekologia Budownictwa i Inżynierii Środowiska". |
| 260 |
_aGdańsk : _bPG. Wydział Inżynierii Środowiska, _c1997. |
||
| 300 |
_a286 s. : _bfot. (w tym kolor.), mapy, rys., wykr. ; _c24 cm. |
||
| 504 | _aBibliogr., streszcz. przy ref. | ||
| 650 | 9 |
_aŚrodowisko człowieka _xochrona |
|
| 650 | 9 | _aTechnika sanitarna | |
| 655 | _aMateriały konferencyjne | ||
| 020 | _a8390708841 | ||
| 040 | _cBPK | ||
| 041 | 0 |
_apl _bpl |
|
| 080 | _a628.1/.5:504](061.3) | ||
| 920 | _a83-907088-4-1 | ||
| 942 | _cKS | ||
| 008 | s pl f |000 0 pol | ||
| 999 |
_c32366 _d32366 |
||
| 856 |
_uhttp://koha.tu.koszalin.pl/cgi-bin/koha/opac-detail.pl?biblionumber=32366 _yKatalog online BPK |
||